Una vita firmata (Record n. 101346)

Dettagli MARC
000 -LEADER
fixed length control field 01147njm a2200313Ia 4500
001 - CONTROL NUMBER
control field 89978
003 - CONTROL NUMBER IDENTIFIER
control field IT-RoPAU
005 - DATE AND TIME OF LATEST TRANSACTION
control field 20220918181142.0
008 - FIXED-LENGTH DATA ELEMENTS--GENERAL INFORMATION
fixed length control field 131025s9999 xx 000 0 und d
040 ## - CATALOGING SOURCE
Original cataloging agency IT-RoPAU
040 ## - CATALOGING SOURCE
Transcribing agency IT-RoPAU
041 ## - LANGUAGE CODE
Language code of text/sound track or separate title ITALIANO
999 ## - SYSTEM CONTROL NUMBERS (KOHA)
Koha Dewey Subclass [OBSOLETE] n.d.
100 ## - MAIN ENTRY--PERSONAL NAME
Personal name Cento Giosy
9 (RLIN) 1580
100 ## - MAIN ENTRY--PERSONAL NAME
Relator term Autore musica
9 (RLIN) 27065
100 ## - MAIN ENTRY--PERSONAL NAME
Miscellaneous information Codice autore musica SPICS: 10822
9 (RLIN) 1582
245 ## - TITLE STATEMENT
Title Una vita firmata
250 ## - EDITION STATEMENT
Edition statement 1a ed.
260 ## - PUBLICATION, DISTRIBUTION, ETC. (IMPRINT)
Place of publication, distribution, etc. ROMA
260 ## - PUBLICATION, DISTRIBUTION, ETC. (IMPRINT)
Name of publisher, distributor, etc. EP - MUSICALI E DISCOGRAFICHE
Date of publication, distribution, etc. 1990 [1a Ed.:1990 - Ed. Lingua Orig.: 1990]
300 ## - PHYSICAL DESCRIPTION
Extent COMPACT DISC
300 ## - PHYSICAL DESCRIPTION
Dimensions 42 minuti (Testo: 0 pag.)
500 ## - GENERAL NOTE
General note Musica religiosa. Cantautore di Dio
505 ## - FORMATTED CONTENTS NOTE
Formatted contents note Non possiamo tacere - Una vita firmata - I ragazzi - Liberi per servire - L'avventura di un amore sincero - Zingaro - Le stelle del sabato sera - Alè Francesco
650 ## - SUBJECT ADDED ENTRY--TOPICAL TERM
Topical term or geographic name as entry element RELIGIOSO [COMPACT DISC]
Relator term Codice MATERIA SPICS: 9949
9 (RLIN) 14031
700 ## - ADDED ENTRY--PERSONAL NAME
Personal name Cento Giosy
Relator term Autore testo e musica
Miscellaneous information Codice autore testo/musica SPICS: 10822
9 (RLIN) 27066
700 ## - ADDED ENTRY--PERSONAL NAME
Personal name Cento Giosy
Miscellaneous information Codice interprete SPICS: 10822
Relator term Interprete
9 (RLIN) 27067
942 ## - ADDED ENTRY ELEMENTS (KOHA)
Koha item type CD AUDIO
Source of classification or shelving scheme Dewey Decimal Classification
Dati di copia
Withdrawn status Lost status Damaged status Not for loan Home library Current library Date acquired Total Checkouts Full call number Date last seen Price effective from Koha item type Public note
    Buone Condizioni Not For Loan SPICS-MEDIATECA SPICS-MEDIATECA 25/10/2013   89978 25/10/2013 25/10/2013 CD AUDIO Progr. Ins.: 21670 / N.Vol.: 1 / Copie: 1 - Copia rara: n.d. / date import: 01.01.2014 - By Epidotti, Trombetti, Vaglietti
CREDITS: SOCIETA' SAN PAOLO Via A.Severo, 58 - ROMA (RM) & PERIODICI SAN PAOLO SRL Via Giotto, 36 MILANO & CISF Via Giotto, 36 MILANO & EDIZIONI SAN PAOLO SRL,  Piazza Soncino, 5 CINISELLO BALSAMO (MI) -- ITALY